| 000 | 00452nam a2200169Ia 4500 | ||
|---|---|---|---|
| 003 | GCL | ||
| 008 | 140319s9999 xx 000 0 eng d | ||
| 040 |
_aGCL / _cGCL |
||
| 082 | 0 | 4 |
_a660.28423 _bC D |
| 100 | 1 | _aCUSSLER, E.H | |
| 245 | 1 | 0 |
_aDIFFUSION MASS TRANSFER IN FLUID SYSTEMS / _cCUSSLER, E.H |
| 260 |
_a[S.N] : _bCAMBRIDGE UNIVERSITY PRESS ، _c1997 |
||
| 650 | 0 | 4 | _aFLUIDS |
| 650 | 0 | 4 | _aMASS TRANSFER |
| 650 | 0 | 4 | _aDIFFUSION |
| 942 |
_2ddc _cBK |
||
| 999 |
_c15896 _d15896 |
||